[Event "Titled Tue 26th Aug Late"]
[Site "chess.com INT"]
[Date "2025.08.26"]
[Round "1"]
[White "Donoso Aguirre, Maximiliano"]
[Black "Ono, David"]
[Result "1-0"]
[WhiteTitle "CM"]
[WhiteElo "1978"]
[BlackElo "2110"]
[WhiteFideId "3458920"]
[BlackFideId "146943"]
[EventDate "2025.08.26"]

1. e4 e5 2. Nf3 Nf6 3. Nxe5 d6 4. Nf3 Nxe4 5. d4 d5 6. Bd3 Be7 7. O-O Nc6 8. c4
Nb4 9. Be2 O-O 10. Nc3 c6 11. a3 Na6 12. Qc2 Nxc3 13. bxc3 Be6 14. Rb1 Qc8 15.
c5 Nc7 16. Bf4 Bf5 17. Bd3 Bxd3 18. Qxd3 Ne6 19. Bg3 b6 20. cxb6 axb6 21. Rxb6
Rxa3 22. Ne5 c5 23. Rc6 c4 24. Qf5 g6 25. Qg4 Qe8 26. Rc1 f5 27. Qh3 Bf6 28. Rb6
Ng5 29. Qh6 Ne4 30. Qe3 Qe7 31. Nc6 Qd7 32. Ne5 Qe7 33. Rbb1 Bg5 34. Bf4 Bf6 35.
Nc6 Qg7 36. Be5 Bxe5 37. Nxe5 Re8 38. f3 Nf6 39. Qf2 h6 40. Qb2 Rb3 41. Qa2 Reb8
42. Rxb3 Rxb3 43. Qa8+ Kh7 44. Qc6 h5 45. Qe6 h4 46. Nf7 h3 47. Ng5+ Kh8 48.
Qc8+ Ng8 49. Nxh3 Qf6 50. Qe8 Rb2 51. Qe1 Kg7 52. Qg3 Rb3 53. Qc7+ Qf7 54. Qf4
Qf6 55. Qe3 Qf7 56. Re1 Qf6 57. Ng5 Nh6 58. Ne6+ Kh7 59. Nf4 Kg7 60. Nxd5 Qf7
61. Qe5+ Kh7 62. Nf6+ Kg7 63. Ne8+ Kg8 64. Nd6 Qg7 65. Nxc4 Qxe5 66. Nxe5 Rxc3
67. Nxg6 Rd3 68. d5 Kf7 69. Ne5+ 1-0

[Event "Titled Tue 26th Aug Late"]
[Site "chess.com INT"]
[Date "2025.08.26"]
[Round "1"]
[White "Tang, Austin"]
[Black "Khlebovich, Alexander"]
[Result "0-1"]
[BlackTitle "IM"]
[WhiteElo "1920"]
[BlackElo "2423"]
[WhiteFideId "30964580"]
[BlackFideId "4169123"]
[EventDate "2025.08.26"]

1. e4 c5 2. Nf3 d6 3. d4 cxd4 4. Nxd4 Nf6 5. Nc3 a6 6. Be3 e5 7. Nb3 Be6 8. f3
h5 9. Qd2 Nbd7 10. Nd5 Bxd5 11. exd5 g6 12. O-O-O Rc8 13. Kb1 Nb6 14. Na5 Nbxd5
15. Bg5 Be7 16. Bc4 Nb6 17. Bb3 Qc7 18. Bxf6 Bxf6 19. Qxd6 Be7 20. Qxc7 Rxc7 21.
Rhe1 Nd7 22. Nc4 f6 23. Nd6+ Bxd6 24. Rxd6 Rh7 25. Red1 Ke7 26. Re6+ Kf8 27. a4
Re7 28. Red6 Kg7 29. Ka2 Nc5 30. c3 e4 31. fxe4 Nxe4 32. R6d4 f5 33. Bc2 Nf6 34.
Rd8 Re2 35. R1d2 Rxd2 36. Rxd2 Rd7 37. Rxd7+ Nxd7 38. b4 Kf6 39. Kb3 Ke5 40. Bd1
Kd6 41. Bf3 b6 42. c4 Ne5 43. Bd5 b5 44. axb5 axb5 45. Bg8 bxc4+ 46. Bxc4 g5 47.
Be2 h4 48. h3 Ng6 49. Bf3 Ne5 50. Be2 Kd5 51. Kc3 Ng6 52. Bf3+ Kd6 53. Kd4 Nf4
54. b5 Ne6+ 55. Kc4 Nc5 56. Kb4 Nd7 57. Ka5 Kc5 58. Ka6 Nb6 59. Bc6 Nc4 60. Bf3
Nb6 61. Bc6 g4 62. hxg4 fxg4 63. Be4 Nc4 64. Bf5 g3 65. Bh3 Nb6 66. Bg4 Nd5 67.
Bh3 Nc7+ 68. Ka5 Nxb5 69. Ka4 Nd4 70. Ka3 Kc4 71. Kb2 Kd3 72. Kc1 Ke2 73. Bg4+
Kf2 74. Bh3 Ne2+ 75. Kd2 Nf4 76. Bg4 Nxg2 77. Kd3 Nf4+ 78. Ke4 g2 79. Kxf4 g1=Q
80. Bh3 Qg3+ 0-1

[Event "Titled Tue 26th Aug Late"]
[Site "chess.com INT"]
[Date "2025.08.26"]
[Round "1"]
[White "Ruperez Benito, Antonio"]
[Black "Dylag, Emilia"]
[Result "1-0"]
[WhiteTitle "FM"]
[BlackTitle "WFM"]
[WhiteElo "2328"]
[BlackElo "2078"]
[WhiteFideId "22245049"]
[BlackFideId "21805172"]
[EventDate "2025.08.26"]

1. e4 c5 2. Nf3 d6 3. Bb5+ Bd7 4. Bxd7+ Qxd7 5. O-O e5 6. c3 Ne7 7. d4 cxd4 8.
cxd4 Nbc6 9. Nc3 Ng6 10. dxe5 dxe5 11. Qa4 Be7 12. Rd1 Qc8 13. Be3 O-O 14. Rac1
f5 15. Nd5 fxe4 16. Qxe4 Qf5 17. Qxf5 Rxf5 18. Nd2 Bd8 19. Ne4 Rf8 20. Nc5 Nf4
21. Bxf4 exf4 22. Nxb7 Ne5 23. Nxf4 Bg5 24. Ne6 Bxc1 25. Nxf8 Bxb2 26. Ne6 Rb8
27. Nbc5 Ba3 28. f4 Bxc5+ 29. Nxc5 Ng6 30. g3 Rb2 31. Rd8+ Kf7 32. Rd7+ Kf6 33.
Rxa7 h5 34. Ne4+ Kf5 35. Nf2 h4 36. Ra5+ Kf6 37. Ra6+ Kf7 38. Kg2 h3+ 39. Kf3
Ne7 40. Nxh3 Rxh2 41. Ng5+ Ke8 42. Ra8+ Kd7 43. Ra7+ Kd8 44. Ne6+ Ke8 45. Nxg7+
Kf8 46. Ne6+ Kf7 47. Ng5+ Kf6 48. Ra6+ Kg7 49. a4 Ra2 50. a5 Nf5 51. Kg4 Ne3+
52. Kf3 Nf5 53. Ra7+ Kf6 54. Ne4+ Ke6 55. g4 Nd4+ 56. Kg3 Nb5 57. Ra8 Kd5 58.
Ng5 Ra3+ 59. Kh4 Nc7 60. Rc8 Nb5 61. Rf8 Rxa5 62. Rf5+ Kc6 63. Ne4 Ra4 64. Rc5+
Kb6 65. Re5 Nc7 66. g5 Kc6 67. g6 Kd7 68. g7 Ra8 69. Nf6+ Kd6 70. g8=Q Rxg8 71.
Nxg8 Ne6 72. Rxe6+ Kxe6 73. Nh6 Kf6 74. Kg3 Kg6 75. Ng4 Kf5 76. Nf2 Kf6 77. Kf3
Ke6 78. Kg4 Ke7 79. f5 Kf7 80. Kg5 Kf8 81. f6 Ke8 82. Kf5 Kf8 83. Kg6 Kg8 84.
Ne4 Kf8 85. Ng5 Kg8 86. f7+ Kf8 87. Nh7+ Ke7 88. f8=Q+ 1-0

[Event "Titled Tue 26th Aug Late"]
[Site "chess.com INT"]
[Date "2025.08.26"]
[Round "1"]
[White "Pontes, Luiz Felizola Lima"]
[Black "Beznosov, Timofey"]
[Result "0-1"]
[BlackTitle "CM"]
[WhiteElo "1871"]
[BlackElo "2131"]
[WhiteFideId "44709919"]
[BlackFideId "34497951"]
[EventDate "2025.08.26"]

1. e4 e6 2. d4 d5 3. Nd2 c5 4. exd5 exd5 5. Ngf3 Nc6 6. Bb5 Bd6 7. dxc5 Bxc5 8.
O-O Ne7 9. Nb3 Bb6 10. Nbd4 O-O 11. h3 Bd7 12. Be2 Nf5 13. Nxf5 Bxf5 14. Bd3 Be4
15. Ng5 Bxd3 16. Qxd3 g6 17. Nf3 Rc8 18. Re1 Nb4 19. Qd2 Nxc2 20. Qh6 Nxa1 21.
Ng5 Bxf2+ 22. Kf1 Qxg5 23. Bxg5 Bd4 24. Rxa1 Rc4 25. Rd1 Bg7 26. Qxg7+ Kxg7 27.
Rxd5 h6 28. Bd2 Rfc8 29. Bc3+ Rxc3 30. bxc3 Rxc3 31. Rd7 Rc1+ 32. Ke2 Rc2+ 33.
Kf3 Rb2 34. a4 Rb4 35. a5 a6 36. Ke3 Rb2 37. Kf3 Kf6 38. Kg3 Rb5 39. Kf3 h5 40.
Ke3 Ke6 41. Rc7 Rb2 42. Kf3 g5 43. Kg3 f6 44. Kf3 Kf5 45. Kg3 Rb3+ 46. Kf2 Ke4
47. Rc4+ Kd5 48. Rc7 Kd6 49. Rf7 Ke6 50. Rc7 Rb5 51. Kf3 h4 52. Kf2 Rb3 53. Ke2
Kf5 54. Kf2 Ke4 55. Rc4+ Kd3 56. Rc7 Ke4 57. Re7+ Kf4 58. Rc7 Rb2+ 59. Kg1 f5
60. Rc4+ Ke5 61. Rc7 g4 62. hxg4 fxg4 63. Rf7 g3 64. Re7+ Kf6 65. Re1 Ra2 66.
Rb1 Rxa5 67. Kf1 Rb5 68. Ra1 a5 69. Rd1 b6 70. Rd6+ Ke5 71. Rd8 Rb2 72. Rh8 Rf2+
73. Kg1 Rf4 74. Rh5+ Kd4 75. Rb5 Kc4 76. Rxb6 a4 77. Ra6 Kb4 78. Rb6+ Ka3 79.
Rb8 Ka2 80. Rb5 a3 81. Rb8 Ka1 82. Rb7 a2 83. Rb8 Rf2 84. Rb7 Rb2 85. Re7 Rb1+ 0-1

[Event "Titled Tue 26th Aug Late"]
[Site "chess.com INT"]
[Date "2025.08.26"]
[Round "2"]
[White "Walentukiewicz, Michal"]
[Black "Winter Atwell, Adrian"]
[Result "0-1"]
[WhiteTitle "CM"]
[BlackTitle "FM"]
[WhiteElo "2037"]
[BlackElo "2090"]
[WhiteFideId "1126903"]
[BlackFideId "7700750"]
[EventDate "2025.08.26"]

1. g3 e5 2. Bg2 Nf6 3. c4 d5 4. cxd5 c6 5. d6 Bxd6 6. d3 O-O 7. Nf3 Qe7 8. O-O
h6 9. Nc3 Rd8 10. Qa4 Bf5 11. Rd1 Nbd7 12. Qh4 Nf8 13. d4 Ng6 14. dxe5 Nxh4 15.
exf6 Nxf3+ 0-1

[Event "Titled Tue 26th Aug Late"]
[Site "chess.com INT"]
[Date "2025.08.26"]
[Round "2"]
[White "Gemy, Jose Daniel"]
[Black "Bagchi, Sounak"]
[Result "1-0"]
[WhiteTitle "IM"]
[WhiteElo "2325"]
[BlackElo "2030"]
[WhiteFideId "3301478"]
[BlackFideId "30970059"]
[EventDate "2025.08.26"]

1. e4 c5 2. Nf3 g6 3. d4 cxd4 4. Nxd4 Nc6 5. Nc3 Bg7 6. Be3 Nf6 7. Bc4 Qa5 8.
O-O O-O 9. Nb3 Qd8 10. Qe2 a6 11. Rad1 b5 12. Bd3 Ne5 13. f4 Nxd3 14. Qxd3 Qc7
15. e5 Ng4 16. Nd5 Qd8 17. Bb6 1-0

[Event "Titled Tue 26th Aug Late"]
[Site "chess.com INT"]
[Date "2025.08.26"]
[Round "2"]
[White "Oluka Robert Mcligeyo"]
[Black "Gajic, Mladen"]
[Result "0-1"]
[WhiteTitle "CM"]
[BlackTitle "FM"]
[WhiteElo "2081"]
[BlackElo "2246"]
[WhiteFideId "10814647"]
[BlackFideId "1709178"]
[EventDate "2025.08.26"]

1. Nf3 e6 2. c4 f5 3. d4 Nf6 4. g3 Be7 5. Bg2 O-O 6. O-O d6 7. Nc3 a5 8. Qc2 Nc6
9. e4 Nb4 10. Qb1 fxe4 11. Nxe4 Nxe4 12. Qxe4 e5 13. Bd2 Bf5 14. Qxb7 Rb8 15.
Qa7 Nc6 16. Qa6 Rb6 0-1

[Event "Titled Tue 26th Aug Late"]
[Site "chess.com INT"]
[Date "2025.08.26"]
[Round "2"]
[White "Bortnyk, Olexandr"]
[Black "Khadour, Ismael"]
[Result "1-0"]
[WhiteTitle "GM"]
[BlackTitle "FM"]
[WhiteElo "2601"]
[BlackElo "1992"]
[WhiteFideId "14120828"]
[BlackFideId "7601930"]
[EventDate "2025.08.26"]

1. d4 Nf6 2. Nc3 d5 3. Bf4 c6 4. e3 Bf5 5. Nf3 Nbd7 6. Ne5 e6 7. g4 Bg6 8. h4 h5
9. Nxg6 fxg6 10. g5 Ne4 11. Nxe4 dxe4 12. Bg2 Qa5+ 13. c3 e5 14. dxe5 Nxe5 15.
Bxe4 Rd8 16. Qb3 Be7 17. Bxe5 Qxe5 18. Bxg6+ Kd7 19. Qxb7+ Qc7 20. O-O-O+ Bd6
21. Rxd6+ 1-0

[Event "Titled Tue 26th Aug Late"]
[Site "chess.com INT"]
[Date "2025.08.26"]
[Round "2"]
[White "Miserendino, Alfredo"]
[Black "Patel, Maahir M"]
[Result "1-0"]
[WhiteElo "2032"]
[BlackElo "2114"]
[WhiteFideId "101800"]
[BlackFideId "30995612"]
[EventDate "2025.08.26"]

1. e4 d6 2. d4 Nf6 3. Nc3 e5 4. Nf3 Nbd7 5. Bc4 Be7 6. O-O O-O 7. a4 a6 8. a5 c6
9. h3 Qc7 10. dxe5 dxe5 11. Be3 h6 12. Qe2 Rd8 13. Rfd1 Bb4 14. Bxf7+ Kf8 15.
Bg6 Kg8 16. Qc4+ 1-0

[Event "Titled Tue 26th Aug Late"]
[Site "chess.com INT"]
[Date "2025.08.26"]
[Round "2"]
[White "Ferriz Barrios, Andres"]
[Black "Vazelakis, Dimitrios"]
[Result "1-0"]
[WhiteTitle "FM"]
[WhiteElo "2102"]
[BlackElo "1858"]
[WhiteFideId "5104467"]
[BlackFideId "4203674"]
[EventDate "2025.08.26"]

1. d4 Nf6 2. c4 d6 3. Nf3 Nbd7 4. Nc3 c6 5. e4 e5 6. Be2 Be7 7. O-O O-O 8. h3 a6
9. Be3 b5 10. Qc2 Bb7 11. dxe5 dxe5 12. a3 Qc7 13. Rad1 Rfd8 14. Nh4 Bc5 15. Nf5
Bxe3 16. fxe3 Nc5 17. b4 Ne6 18. c5 a5 19. Nd6 axb4 20. axb4 Ne8 21. Rxf7 Qxf7
22. Nxf7 Kxf7 23. Rf1+ Kg8 24. Bg4 Nf8 25. Qb3+ Kh8 26. Rxf8# 1-0

[Event "Titled Tue 26th Aug Late"]
[Site "chess.com INT"]
[Date "2025.08.26"]
[Round "2"]
[White "Smieszek, Wojciech"]
[Black "Papasimakopoulos, Alexandros"]
[Result "0-1"]
[WhiteTitle "CM"]
[BlackTitle "IM"]
[WhiteElo "2141"]
[BlackElo "2361"]
[WhiteFideId "1156047"]
[BlackFideId "4244125"]
[EventDate "2025.08.26"]

1. e4 e6 2. d4 d5 3. Nc3 Bb4 4. e5 c5 5. a3 Bxc3+ 6. bxc3 Nc6 7. h4 Nge7 8. h5
h6 9. Nf3 Qa5 10. Bd2 c4 11. Be2 Bd7 12. Kf1 O-O-O 13. Kg1 f6 14. Rh3 fxe5 15.
dxe5 g6 16. Nd4 g5 17. Nxc6 Nxc6 18. Be3 Rhf8 19. Bd4 Rf4 20. Rf3 Nxd4 21. cxd4
Rxf3 22. Bxf3 Rf8 23. Qc1 Qc3 24. Qd1 Rf4 25. Rb1 Rxd4 26. Qe2 Rd2 27. Qf1 Rxc2
28. Re1 Qxa3 29. g3 0-1

[Event "Titled Tue 26th Aug Late"]
[Site "chess.com INT"]
[Date "2025.08.26"]
[Round "2"]
[White "Taylor, Tristan"]
[Black "Rogov, Matfey"]
[Result "0-1"]
[BlackTitle "FM"]
[WhiteElo "1973"]
[BlackElo "2348"]
[WhiteFideId "2635054"]
[BlackFideId "44191308"]
[EventDate "2025.08.26"]

1. Nf3 d5 2. g3 Nd7 3. Bg2 e5 4. d3 Bd6 5. O-O Ne7 6. c4 c6 7. e4 d4 8. a3 a5 9.
Nh4 O-O 10. f4 f5 11. Nxf5 Nxf5 12. exf5 exf4 13. Bxf4 Nc5 14. Bxd6 Qxd6 15. Nd2
Bxf5 16. Ne4 Bxe4 17. dxe4 d3 18. Kh1 Rxf1+ 19. Qxf1 Rf8 20. Qe1 d2 21. Qe2 Nd3
22. Bf3 Nxb2 23. e5 d1=Q+ 24. Rxd1 Qxd1+ 25. Qxd1 Nxd1 0-1

[Event "Titled Tue 26th Aug Late"]
[Site "chess.com INT"]
[Date "2025.08.26"]
[Round "2"]
[White "Graif, William"]
[Black "Do Carmo, Gabriel Carckeno"]
[Result "1-0"]
[WhiteTitle "FM"]
[WhiteElo "2227"]
[BlackElo "2051"]
[WhiteFideId "2609835"]
[BlackFideId "22783024"]
[EventDate "2025.08.26"]

1. e4 e6 2. d4 d5 3. Be3 Nf6 4. e5 Nfd7 5. c3 c5 6. f4 Nc6 7. Nf3 Qa5 8. Nbd2
Nxd4 9. cxd4 Qb6 10. Qb3 Qa5 11. dxc5 a6 12. Rc1 Be7 13. Qc3 Qxa2 14. b4 O-O 15.
Ra1 1-0

[Event "Titled Tue 26th Aug Late"]
[Site "chess.com INT"]
[Date "2025.08.26"]
[Round "2"]
[White "Sheehan, Ethan"]
[Black "Ozates, Tuna"]
[Result "1-0"]
[BlackTitle "FM"]
[WhiteElo "2323"]
[BlackElo "2217"]
[WhiteFideId "30943965"]
[BlackFideId "6354521"]
[EventDate "2025.08.26"]

1. e4 c5 2. Nf3 Nc6 3. Bb5 e5 4. O-O Bd6 5. Na3 Nge7 6. c3 a6 7. Bxc6 dxc6 8.
Nc4 f6 9. d4 exd4 10. cxd4 Bg4 11. Nxd6+ Qxd6 12. dxc5 Qxc5 13. Be3 Qh5 14. Qe2
Bxf3 15. Qxf3 Qxf3 16. gxf3 g5 17. f4 g4 18. Rad1 Rd8 19. Bb6 Rxd1 20. Rxd1 Ng6
21. f5 Nf8 22. Rd8+ Ke7 23. Rb8 Kd6 24. Bd8 Nd7 25. Bc7+ 1-0

[Event "Titled Tue 26th Aug Late"]
[Site "chess.com INT"]
[Date "2025.08.26"]
[Round "2"]
[White "Ono, David"]
[Black "Estrada Nieto, Julian"]
[Result "1-0"]
[BlackTitle "IM"]
[WhiteElo "2110"]
[BlackElo "2182"]
[WhiteFideId "146943"]
[BlackFideId "5101018"]
[EventDate "2025.08.26"]

1. c4 e5 2. g3 Nf6 3. Bg2 Nc6 4. Nc3 Bb4 5. Nd5 Bc5 6. e3 a6 7. Ne2 d6 8. O-O
O-O 9. d4 Ba7 10. b3 Re8 11. Bb2 exd4 12. Nxd4 Ne5 13. h3 Nxd5 14. cxd5 Bd7 15.
a4 Ng6 16. Rc1 Rc8 17. b4 Ne7 18. Qb3 Nf5 19. Nxf5 Bxf5 20. Qc3 f6 21. Kh2 Be4
22. f3 Bxd5 23. e4 Bf7 24. Rfd1 Qe7 25. b5 axb5 26. axb5 Bc5 27. f4 Qe6 28. e5
fxe5 29. fxe5 b6 30. exd6 cxd6 31. Qxg7# 1-0

[Event "Titled Tue 26th Aug Late"]
[Site "chess.com INT"]
[Date "2025.08.26"]
[Round "2"]
[White "Jasinski, Alexander"]
[Black "Winslow, Elliott"]
[Result "1-0"]
[BlackTitle "IM"]
[WhiteElo "2063"]
[BlackElo "1976"]
[WhiteFideId "55627994"]
[BlackFideId "2002523"]
[EventDate "2025.08.26"]

1. e4 c5 2. Nf3 d6 3. Bb5+ Bd7 4. Bxd7+ Qxd7 5. c4 g6 6. d4 cxd4 7. Nxd4 Bg7 8.
Nc3 Nf6 9. b3 O-O 10. O-O a6 11. Bb2 Qc7 12. a4 b6 13. Nd5 Nxd5 14. exd5 Nd7 15.
Re1 Rae8 16. Qd2 Nb8 17. h4 Qd7 18. Re4 e5 19. dxe6 fxe6 20. Rae1 e5 21. Nc2 Qc6
22. Nb4 Qb7 23. Qd5+ Kh8 24. Qxb7 1-0

[Event "Titled Tue 26th Aug Late"]
[Site "chess.com INT"]
[Date "2025.08.26"]
[Round "2"]
[White "Itkis, Boris"]
[Black "Arkadan, Adib"]
[Result "0-1"]
[WhiteTitle "IM"]
[BlackTitle "CM"]
[WhiteElo "2250"]
[BlackElo "2215"]
[WhiteFideId "1209167"]
[BlackFideId "5304946"]
[EventDate "2025.08.26"]

1. d4 d6 2. c4 e5 3. dxe5 dxe5 4. Qxd8+ Kxd8 5. Nc3 f6 6. e4 c6 7. Be3 Kc7 8. a3
Be6 9. f3 Nd7 10. O-O-O Ne7 11. Bd3 Nc8 12. Nge2 Bc5 13. Kd2 Ncb6 14. b4 Bxe3+
15. Kxe3 Nxc4+ 16. Kf2 Nxa3 17. Rc1 Nc4 18. Na4 Ncb6 19. Nc5 Nxc5 20. bxc5 Nd7
21. Rhd1 Rhc8 22. Bc4 Bxc4 23. Rxc4 b5 24. Rc2 a5 25. Rcd2 Rd8 26. Rd6 Nxc5 27.
Rxd8 Rxd8 28. Rc1 Nd3+ 0-1

[Event "Titled Tue 26th Aug Late"]
[Site "chess.com INT"]
[Date "2025.08.26"]
[Round "2"]
[White "Manukian, Artak"]
[Black "Joseph Benher, Savio"]
[Result "1-0"]
[WhiteElo "2104"]
[BlackElo "2142"]
[WhiteFideId "13301373"]
[BlackFideId "2629453"]
[EventDate "2025.08.26"]

1. e4 c6 2. d4 b6 3. c4 g6 4. Nc3 Bg7 5. f4 a6 6. Nf3 b5 7. a4 b4 8. Na2 a5 9.
Be3 Nf6 10. e5 Ng4 11. Bg1 O-O 12. h3 Nh6 13. g4 d6 14. Nc1 c5 15. d5 dxe5 16.
Nxe5 Qd6 17. Ncd3 Na6 18. Bh2 e6 19. Bg2 Bb7 20. f5 exd5 21. Nxg6 Qf6 22. Be5
Rfe8 23. O-O Qg5 24. Bxg7 Kxg7 25. Ngf4 Nc7 26. Nxc5 Ba6 27. Qd4+ Kg8 28. Nd7
Bxc4 29. Nf6+ Kf8 30. Nxh7+ Kg8 31. Nxg5 1-0

[Event "Titled Tue 26th Aug Late"]
[Site "chess.com INT"]
[Date "2025.08.26"]
[Round "2"]
[White "Ferreira, Vitor Hugo Vieira"]
[Black "Szpar, Milosz"]
[Result "0-1"]
[BlackTitle "GM"]
[WhiteElo "2128"]
[BlackElo "2490"]
[WhiteFideId "2119765"]
[BlackFideId "1184989"]
[EventDate "2025.08.26"]

1. e4 e6 2. d4 d5 3. e5 c5 4. c3 Nc6 5. Nf3 Bd7 6. a3 c4 7. Be2 Na5 8. Nbd2 Ne7
9. O-O Nc8 10. Re1 Nb6 11. a4 Bc6 12. Ra2 Qd7 13. Nf1 Bxa4 14. Qd2 Nb3 15. Qf4
h6 16. h4 O-O-O 17. N1d2 Kb8 18. Nxb3 Bxb3 19. Ra5 Na4 20. Nd2 Bc2 21. b3 cxb3
22. Bb5 Qc7 23. Rxa4 Qxc3 24. Re3 b2 25. Rxc3 bxc1=Q+ 26. Kh2 Qb2 27. Rxc2 Qxc2
28. Nf3 a6 29. Bf1 Qxa4 30. Qxf7 Qe8 0-1

[Event "Titled Tue 26th Aug Late"]
[Site "chess.com INT"]
[Date "2025.08.26"]
[Round "2"]
[White "Rorrer, Grayson"]
[Black "Liyanage, Pesandu Rashmitha"]
[Result "1-0"]
[WhiteTitle "IM"]
[BlackTitle "FM"]
[WhiteElo "2426"]
[BlackElo "2165"]
[WhiteFideId "30944996"]
[BlackFideId "9947876"]
[EventDate "2025.08.26"]

1. c4 c5 2. g3 Nf6 3. Bg2 g6 4. Nc3 Bg7 5. e4 d6 6. Nge2 O-O 7. O-O Nc6 8. d3 a6
9. Rb1 Rb8 10. f4 Ne8 11. a3 Bd7 12. b4 cxb4 13. axb4 b5 14. cxb5 axb5 15. Be3
Nc7 16. Qd2 Bg4 17. h3 Bxe2 18. Nxe2 d5 19. Rfc1 Qd7 20. Qc2 dxe4 21. Qxc6 Qxd3
22. Qxe4 Qxe2 23. Rxc7 Rbd8 24. Rc2 Rd1+ 25. Kh2 Qe1 26. Rcc1 Rxc1 27. Rxc1 Qe2
28. Bc5 Rd8 29. Qxe2 1-0

[Event "Titled Tue 26th Aug Late"]
[Site "chess.com INT"]
[Date "2025.08.26"]
[Round "2"]
[White "Romero Ruscalleda, Josep"]
[Black "Goncharov, Vladimir"]
[Result "1-0"]
[WhiteTitle "FM"]
[WhiteElo "2110"]
[BlackElo "2077"]
[WhiteFideId "2231859"]
[BlackFideId "34162256"]
[EventDate "2025.08.26"]

1. e4 e6 2. d4 d5 3. e5 c5 4. c3 Nc6 5. Be3 Nge7 6. Nf3 cxd4 7. cxd4 Nf5 8. Nc3
Nxe3 9. fxe3 Be7 10. Bd3 f5 11. exf6 Bxf6 12. O-O O-O 13. a3 Bd7 14. Qc2 h6 15.
Rae1 Rc8 16. h3 Kh8 17. Qe2 Be8 18. Bb1 Qe7 19. Qd3 g6 20. e4 dxe4 21. Nxe4 Bg7
22. Nc5 e5 23. b4 Rd8 24. Qe4 Nxd4 25. Nxd4 Rxf1+ 26. Kxf1 Rxd4 27. Qxd4 Bc6 28.
Qf2 Qg5 29. Be4 Kh7 30. Bxc6 bxc6 31. Ne6 1-0

[Event "Titled Tue 26th Aug Late"]
[Site "chess.com INT"]
[Date "2025.08.26"]
[Round "2"]
[White "Ozcan, Kaan"]
[Black "Kravtsiv, Martyn"]
[Result "0-1"]
[WhiteTitle "FM"]
[BlackTitle "GM"]
[WhiteElo "2223"]
[BlackElo "2598"]
[WhiteFideId "34566422"]
[BlackFideId "14113147"]
[EventDate "2025.08.26"]

1. e4 e5 2. Nf3 Nc6 3. Bb5 a6 4. Bxc6 dxc6 5. O-O Bg4 6. h3 h5 7. d3 Qf6 8. Nbd2
Ne7 9. Re1 Ng6 10. Nc4 Bxf3 11. Qxf3 Qxf3 12. gxf3 Nh4 13. Kf1 Nxf3 14. Re3 Nd4
15. Rb1 Nxc2 16. Rg3 f6 17. f4 exf4 18. Bxf4 O-O-O 19. Rc1 Nb4 20. Ke2 Nxa2 21.
Ra1 Nb4 22. h4 Nc2 23. Rc1 Nd4+ 24. Kf2 Ne6 25. Bd2 Bc5+ 26. Kg2 g5 27. hxg5 h4
28. Rg4 fxg5 29. Bxg5 Rdg8 30. Ne5 Rxg5 31. Rxg5 Be3 32. Rg6 Nf4+ 33. Kf3 Bxc1
34. Rg1 Bxb2 35. Nc4 Nxd3 0-1

[Event "Titled Tue 26th Aug Late"]
[Site "chess.com INT"]
[Date "2025.08.26"]
[Round "2"]
[White "Mizzi, Jack"]
[Black "Jahnz, Laurin"]
[Result "0-1"]
[WhiteTitle "CM"]
[BlackTitle "CM"]
[WhiteElo "2130"]
[BlackElo "2219"]
[WhiteFideId "5602521"]
[BlackFideId "16261089"]
[EventDate "2025.08.26"]

1. d4 d5 2. c4 e6 3. Nf3 c6 4. g3 f5 5. Bg2 Nf6 6. O-O Bd6 7. b3 O-O 8. Bb2 Qe7
9. Nbd2 Nbd7 10. Ne5 Ne4 11. f4 Nxe5 12. fxe5 Ba3 13. Qc2 Bxb2 14. Qxb2 b6 15.
Rac1 Bb7 16. cxd5 cxd5 17. Nxe4 fxe4 18. e3 Ba6 19. Rxf8+ Rxf8 20. Bf1 Bxf1 21.
Rxf1 Rxf1+ 22. Kxf1 Qf7+ 23. Qf2 Qc7 24. Qd2 Qf7+ 25. Qf2 Qc7 26. Qd2 a5 27. Kg2
h5 28. h3 b5 29. Qe2 b4 30. h4 Qc1 31. Qxh5 Qxe3 32. Qe8+ Kh7 33. Qxe6 Qf3+ 34.
Kh3 e3 35. Qc6 e2 36. Qc2+ Qe4 0-1

[Event "Titled Tue 26th Aug Late"]
[Site "chess.com INT"]
[Date "2025.08.26"]
[Round "2"]
[White "Aravindh, Chithambaram VR."]
[Black "Hungaski, Robert"]
[Result "1-0"]
[WhiteTitle "GM"]
[BlackTitle "GM"]
[WhiteElo "2723"]
[BlackElo "2477"]
[WhiteFideId "5072786"]
[BlackFideId "2021030"]
[EventDate "2025.08.26"]

1. c4 e5 2. Nf3 Nc6 3. Nc3 f5 4. d3 Nf6 5. g3 Bb4 6. Bd2 O-O 7. Bg2 d6 8. O-O
Kh8 9. a3 Bxc3 10. Bxc3 Qe8 11. b4 Qh5 12. b5 Ne7 13. c5 f4 14. cxd6 cxd6 15.
Bb4 Rd8 16. Rc1 Bh3 17. Rc7 Bxg2 18. Kxg2 Nf5 19. Qb3 Rac8 20. Rfc1 Rxc7 21.
Rxc7 fxg3 22. hxg3 Rf8 23. Qe6 Ng4 24. Rc8 Nh4+ 25. gxh4 1-0

[Event "Titled Tue 26th Aug Late"]
[Site "chess.com INT"]
[Date "2025.08.26"]
[Round "2"]
[White "Buchenau, Frank"]
[Black "Gubajdullin, Alexei"]
[Result "0-1"]
[WhiteTitle "FM"]
[BlackTitle "FM"]
[WhiteElo "2205"]
[BlackElo "2228"]
[WhiteFideId "4604350"]
[BlackFideId "4141202"]
[EventDate "2025.08.26"]

1. e4 c5 2. g3 Nc6 3. Bg2 g6 4. Ne2 Bg7 5. c3 e5 6. d3 Nge7 7. Be3 d6 8. O-O O-O
9. d4 exd4 10. cxd4 d5 11. Nbc3 cxd4 12. Nxd4 dxe4 13. Nxc6 Nxc6 14. Nxe4 Bxb2
15. Rb1 Qxd1 16. Rfxd1 Bg7 17. Nd6 Bg4 18. f3 Be6 19. a3 b6 20. f4 Na5 21. Bxa8
Rxa8 22. Bd4 Bf8 23. Be5 Nc6 24. Rbc1 Nxe5 25. fxe5 Bg7 26. Re1 a6 27. Rc7 b5
28. Rf1 Bxe5 29. Rc6 Bd5 30. Rc2 Bxd6 31. Rd1 Bb3 0-1